00382 a2200145 4500003000400000005001700004008004100021020001800062040000900080082001800089100002000107245005900127260003600186300001400222OSt20221101104503.0221101b ||||| |||| 00| 0 eng d a9781259004971 coclc a647.94bAND/H1 aAndrews, Sudhir aHotel front office a training manual /cSudhir Andrews aNew Delhi:bMc grawhill,c2017. a374 pages